000 00767nab a2200241 u 4500
001 16038
003 HDC
007 cr bn ---aaaaa
008 210220c mydr|noo 0 a may d
040 _aHDC
245 0 _aDana khas Pembangunan dan Produk Halal diwujud
260 _aMalaysia :
_bUtusan Malaysia,
_c2004
336 _atext
_2rdacontent
337 _acomputer
_2rdamedia
338 _aonline resource
_2rdacarrier
650 _afood industry
_9536
650 _ahalal products
_9642
710 _aUtusan Malaysia
856 _zRequest full-text at [email protected]
942 _2lcc
942 _cNEWS
942 _kNSWO 008371
999 _c13354
_d13354